[Event "V Copa Marcel Duchamp 2022"]
[Site "Montevideo"]
[Date "2022.02.13"]
[Round "2.23"]
[White "Martinez Tagliafico, Sergio"]
[Black "Coppola, Claudio"]
[Result "0-1"]
[WhiteElo "1780"]
[BlackElo "2285"]
[Annotator "ChessBase"]
[PlyCount "60"]
[EventDate "2022.02.12"]
[EventCountry "URU"]
[SourceTitle "playchess.com"]
[Source "ChessBase"]
[SourceQuality "1"]
[TimeControl "5400+30"]

1. d4 {[%emt 0:06:31]} Nf6 {[%emt 0:02:11]} 2. c4 {[%emt 0:01:00]} c5 {[%emt 0:00:02]} 3. d5 {[%emt 0:00:09]} b5 {[%emt 0:00:03]} 4. Qc2 {[%emt 0:00:29]} bxc4 {[%emt 0:00:20]} 5. e4 {[%emt 0:00:49]} g6 {[%emt 0:00:15]} 6. Bxc4 {[%emt 0:00:37]} d6 {[%emt 0:00:02]} 7. Nf3 {[%emt 0:00:40]} Nbd7 {[%emt 0:00:05]} 8. O-O {[%emt 0:00:18]} Bg7 {[%emt 0:00:03]} 9. Nc3 {[%emt 0:01:40]} O-O {[%emt 0:00:06]} 10. Re1 {[%emt 0:00:04]} Nh5 {[%emt 0:00:52]} 11. h3 {[%emt 0:15:33]} Rb8 {[%emt 0:03:52]} 12. b3 {[%emt 0:14:04]} Ba6 {[%emt 0:07:18]} 13. Bb2 {[%emt 0:26:15]} Bxc4 {[%emt 0:05:24]} 14. bxc4 {[%emt 0:00:18]} Qa5 {[%emt 0:00:34]} 15. Nd1 {[%emt 0:10:23]} Ne5 {[%emt 0:02:15]} 16. Bc3 {[%emt 0:06:39]} Nxf3+ {[%emt 0:00:11]} 17. gxf3 {[%emt 0:00:07]} Bxc3 {[%emt 0:08:56]} 18. Qxc3 {[%emt 0:00:22]} Qxc3 {[%emt 0:02:59]} 19. Nxc3 {[%emt 0:00:03]} Nf4 {[%emt 0:00:54]} 20. h4 {[%emt 0:07:00]} a6 {[%emt 0:02:10]} 21. Rab1 {[%emt 0:02:21]} Nd3 {[%emt 0:03:43]} 22. Rxb8 {[%emt 0:03:36]} Rxb8 {[%emt 0:00:01]} 23. Rb1 {[%emt 0:00:22]} Rb2 {[%emt 0:00:11]} 24. Rxb2 {[%emt 0:02:25]} Nxb2 {[%emt 0:00:03]} 25. Kf1 {[%emt 0:00:27]} Nxc4 {[%emt 0:00:07]} 26. Ke2 {[%emt 0:00:06]} Kg7 {[%emt 0:19:16]} 27. f4 {[%emt 0:00:45]} Na3 {[%emt 0:00:05]} 28. e5 {[%emt 0:00:56]} Nb5 {[%emt 0:03:08]} 29. Kd3 {[%emt 0:00:16]} Nxc3 {[%emt 0:01:51]} 30. Kxc3 {[%emt 0:00:03]} Kh6 {[%emt 0:00:19]} 0-1

[Event "V Copa Marcel Duchamp 2022"]
[Site "Montevideo"]
[Date "2022.02.13"]
[Round "2.24"]
[White "Carbone, Diego"]
[Black "Visillac, Alejandro"]
[Result "1-0"]
[WhiteElo "2272"]
[BlackElo "1814"]
[Annotator "ChessBase"]
[PlyCount "55"]
[EventDate "2022.02.12"]
[EventCountry "URU"]
[SourceTitle "playchess.com"]
[Source "ChessBase"]
[SourceQuality "1"]
[TimeControl "5400+30"]

1. d4 {[%emt 0:01:22]} e6 {[%emt 0:00:46]} 2. c4 {[%emt 0:00:34]} Nf6 {[%emt 0:00:12]} 3. g3 {[%emt 0:00:25]} d5 {[%emt 0:00:22]} 4. Bg2 {[%emt 0:00:12]} c5 {[%emt 0:00:59]} 5. Nf3 {[%emt 0:00:09]} Be7 {[%emt 0:00:22]} 6. O-O {[%emt 0:01:36]} Nc6 {[%emt 0:01:41]} 7. dxc5 {[%emt 0:06:53]} Bxc5 {[%emt 0:01:26]} 8. a3 {[%emt 0:04:35]} a5 {[%emt 0:06:11]} 9. cxd5 {[%emt 0:01:20]} Qxd5 {[%emt 0:08:05]} 10. Qc2 {[%emt 0:04:23]} Ba7 {[%emt 0:04:23]} 11. Nc3 {[%emt 0:12:38]} Qh5 {[%emt 0:07:29]} 12. h3 {[%emt 0:10:17]} O-O {[%emt 0:10:29]} 13. g4 {[%emt 0:07:57]} Nxg4 {[%emt 0:04:41]} 14. hxg4 {[%emt 0:00:41]} Qxg4 {[%emt 0:00:06]} 15. Qe4 {[%emt 0:01:32]} Qh5 {[%emt 0:01:03]} 16. Qh4 {[%emt 0:03:16]} Qg6 {[%emt 0:09:35]} 17. Qg5 {[%emt 0:02:49]} Qc2 {[%emt 0:00:07]} 18. Ne1 {[%emt 0:06:11]} Qg6 {[%emt 0:01:41]} 19. Qxg6 {[%emt 0:03:31]} fxg6 {[%emt 0:00:06]} 20. Nb5 {[%emt 0:00:44]} Nd4 {[%emt 0:01:03]} 21. Nxd4 {[%emt 0:00:53]} Bxd4 {[%emt 0:00:08]} 22. Nd3 {[%emt 0:01:19]} Ra6 {[%emt 0:01:37]} 23. Bg5 {[%emt 0:05:00]} h6 {[%emt 0:00:32]} 24. Be7 {[%emt 0:00:34]} Rf5 {[%emt 0:01:19]} 25. Rac1 {[%emt 0:00:53]} Bd7 {[%emt 0:03:22]} 26. Bxb7 {[%emt 0:00:43]} Rb6 {[%emt 0:00:26]} 27. Be4 {[%emt 0:00:17]} Rh5 {[%emt 0:00:47]} 28. Bxg6 {[%emt 0:00:57]} 1-0

[Event "V Copa Marcel Duchamp 2022"]
[Site "Montevideo"]
[Date "2022.02.13"]
[Round "2.25"]
[White "Kulik, Nicolas"]
[Black "Miranda, Rafael"]
[Result "1-0"]
[WhiteElo "1775"]
[BlackElo "2264"]
[Annotator "ChessBase"]
[PlyCount "48"]
[EventDate "2022.02.12"]
[EventCountry "URU"]
[SourceTitle "playchess.com"]
[Source "ChessBase"]
[SourceQuality "1"]
[TimeControl "5400+30"]

1. e4 c5 2. Nf3 {[%emt 0:00:10]} d6 {[%emt 0:00:17]} 3. d4 {[%emt 0:00:08]} cxd4 {[%emt 0:00:03]} 4. Nxd4 {[%emt 0:00:06]} Nf6 {[%emt 0:00:06]} 5. Nc3 {[%emt 0:00:15]} a6 {[%emt 0:00:02]} 6. Bg5 {[%emt 0:00:13]} e6 {[%emt 0:00:36]} 7. f4 {[%emt 0:00:10]} Be7 {[%emt 0:00:14]} 8. Qf3 {[%emt 0:00:31]} Qc7 {[%emt 0:00:05]} 9. O-O-O {[%emt 0:00:28]} Nbd7 {[%emt 0:00:08]} 10. g4 {[%emt 0:01:06]} h6 {[%emt 0:00:20]} 11. Bxf6 {[%emt 0:01:11]} Bxf6 {[%emt 0:00:11]} 12. Bg2 {[%emt 0:02:00]} g5 {[%emt 0:15:54]} 13. h4 {[%emt 0:12:16]} gxf4 {[%emt 0:02:33]} 14. g5 {[%emt 0:02:06]} hxg5 {[%emt 0:08:28]} 15. hxg5 {[%emt 0:00:01]} Rxh1 {[%emt 0:00:08]} 16. Bxh1 {[%emt 0:00:14]} Bxd4 {[%emt 0:00:07]} 17. Rxd4 {[%emt 0:00:04]} Qc5 {[%emt 0:00:08]} 18. Ne2 {[%emt 0:07:56]} Nf8 {[%emt 0:13:30]} 19. Qd3 {[%emt 0:02:25]} e5 {[%emt 0:14:25]} 20. Rxd6 {[%emt 0:05:04]} Bg4 {[%emt 0:00:17]} 21. Rd5 {[%emt 0:02:55]} Qf2 {[%emt 0:00:10]} 22. Rxe5+ {[%emt 0:03:07]} Ne6 {[%emt 0:00:06]} 23. Kd2 {[%emt 0:02:14]} Bxe2 {[%emt 0:00:26]} 24. Rxe6+ {[%emt 0:00:41]} fxe6 {[%emt 0:00:01]} 1-0

[Event "V Copa Marcel Duchamp 2022"]
[Site "Montevideo"]
[Date "2022.02.13"]
[Round "2.26"]
[White "Michailov, Matias"]
[Black "Silva Rosas, Natalia"]
[Result "1-0"]
[WhiteElo "2248"]
[BlackElo "1777"]
[Annotator "TA"]
[PlyCount "41"]
[EventDate "2022.02.12"]
[EventCountry "URU"]
[SourceTitle "playchess.com"]
[Source "ChessBase"]
[SourceQuality "1"]

{[%evp 16,41,71,58,62,60,70,77,102,77,97,92,126,100,107,93,90,53,60,72,94,97,125,120,239,156,149,13]} 1. d4 Nf6 2. Nf3 g6 3. c4 Bg7 4. Nc3 O-O 5. e4 d6 6. Be2 c6 7. O-O Bg4 {7...e5 is a critical line.} 8. Be3 Nbd7 9. h3 Bxf3 {E91: King's Indian: Classical: 6 Be2, unusual replies including 6...c5 and 6...Bg4.} 10. Bxf3 e5 11. d5 $1 c5 {White is better.} 12. a3 {White is more active.} Nb6 {[#]} 13. Qd3 $146 ({Predecessor:} 13. Be2 Nfd7 14. b4 f5 15. f3 a6 16. bxc5 Nxc5 17. Bxc5 dxc5 18. Rb1 Bh6 19. Qd3 {½-½ (33) Morris,G-Pinto,M ICCF corr 1995}) 13... Rc8 14. Rfc1 a6 15. Rab1 Nfd7 16. Na2 f5 17. b4 f4 18. Bd2 Na4 19. Bg4 Nab6 (19... Bf6 $16 {was necessary.} 20. Qc2 b5) 20. Be6+ Kh8 21. bxc5 {[%mdl 32768] Weighted Error Value: White=0.20 (precise) /Black=0.22 (precise) . Loss on time!?} (21. f3 $16) 1-0

[Event "V Copa Marcel Duchamp 2022"]
[Site "Montevideo"]
[Date "2022.02.13"]
[Round "2.30"]
[White "Fernandez, Maria Florencia"]
[Black "Perez Selios, Luis"]
[Result "1-0"]
[WhiteElo "2200"]
[BlackElo "1429"]
[Annotator "ChessBase"]
[PlyCount "75"]
[EventDate "2022.02.12"]
[EventCountry "URU"]
[SourceTitle "playchess.com"]
[Source "ChessBase"]
[SourceQuality "1"]
[TimeControl "5400+30"]

1. d4 {[%emt 0:05:59]} d5 {[%emt 0:00:32]} 2. c4 {[%emt 0:00:25]} c6 {[%emt 0:00:33]} 3. Nc3 {[%emt 0:00:07]} Nf6 {[%emt 0:00:32]} 4. Nf3 {[%emt 0:00:20]} dxc4 {[%emt 0:00:36]} 5. a4 {[%emt 0:00:54]} Bf5 {[%emt 0:00:09]} 6. e3 {[%emt 0:00:41]} e6 {[%emt 0:00:11]} 7. Bxc4 {[%emt 0:00:05]} Bb4 {[%emt 0:00:12]} 8. Qb3 {[%emt 0:00:49]} Qe7 {[%emt 0:00:14]} 9. O-O {[%emt 0:00:36]} Nbd7 {[%emt 0:01:30]} 10. Na2 {[%emt 0:02:45]} a5 {[%emt 0:04:01]} 11. Nxb4 {[%emt 0:00:15]} Qxb4 {[%emt 0:00:10]} 12. Qxb4 {[%emt 0:00:20]} axb4 {[%emt 0:00:08]} 13. Bd2 {[%emt 0:00:10]} Nb6 {[%emt 0:00:08]} 14. Bb3 {[%emt 0:00:50]} Nbd5 {[%emt 0:00:27]} 15. Rfe1 {[%emt 0:03:39]} Ne4 {[%emt 0:01:00]} 16. Bxd5 {[%emt 0:00:37]} Nxd2 {[%emt 0:00:45]} 17. Bxc6+ {[%emt 0:00:07]} bxc6 {[%emt 0:00:06]} 18. Nxd2 {[%emt 0:00:04]} O-O {[%emt 0:00:24]} 19. Rec1 {[%emt 0:02:05]} Rfc8 {[%emt 0:01:33]} 20. Rc4 {[%emt 0:03:43]} Bd3 {[%emt 0:04:04]} 21. Rxb4 {[%emt 0:00:32]} c5 {[%emt 0:00:08]} 22. dxc5 {[%emt 0:00:48]} Rxc5 {[%emt 0:00:10]} 23. Nb3 {[%emt 0:02:04]} Rc2 {[%emt 0:01:45]} 24. Nd4 {[%emt 0:01:24]} Rd2 {[%emt 0:01:55]} 25. a5 {[%emt 0:00:43]} Ba6 {[%emt 0:02:11]} 26. Nc6 {[%emt 0:06:42]} Kf8 {[%emt 0:06:34]} 27. Rb6 {[%emt 0:01:56]} Ke8 {[%emt 0:01:49]} 28. b4 {[%emt 0:00:23]} Rb2 {[%emt 0:00:52]} 29. Rd1 {[%emt 0:01:13]} f6 {[%emt 0:01:14]} 30. h3 {[%emt 0:01:05]} e5 {[%emt 0:00:29]} 31. Nb8 {[%emt 0:03:30]} Be2 {[%emt 0:03:02]} 32. Rc1 {[%emt 0:00:42]} Bd3 {[%emt 0:02:22]} 33. Rb7 {[%emt 0:01:25]} Rc2 {[%emt 0:01:23]} 34. Rxc2 {[%emt 0:01:59]} Bxc2 {[%emt 0:00:10]} 35. Nc6 {[%emt 0:06:12]} Be4 {[%emt 0:02:22]} 36. b5 {[%emt 0:00:18]} Bxc6 {[%emt 0:01:23]} 37. bxc6 {[%emt 0:00:04]} Rxa5 38. Rb8+ 1-0

[Event "V Copa Marcel Duchamp 2022"]
[Site "Montevideo"]
[Date "2022.02.13"]
[Round "2.31"]
[White "Lanzilotta, Filippo"]
[Black "Muniz, Rafael"]
[Result "0-1"]
[WhiteElo "1299"]
[BlackElo "2194"]
[Annotator "ChessBase"]
[PlyCount "48"]
[EventDate "2022.02.12"]
[EventCountry "URU"]
[SourceTitle "playchess.com"]
[Source "ChessBase"]
[SourceQuality "1"]
[TimeControl "5400+30"]

1. e4 {[%emt 0:13:22]} d6 {[%emt 0:00:07]} 2. d4 {[%emt 0:00:15]} Nf6 {[%emt 0:00:23]} 3. Nc3 {[%emt 0:00:35]} c6 {[%emt 0:01:43]} 4. Bd3 {[%emt 0:01:00]} e5 {[%emt 0:01:09]} 5. Nge2 {[%emt 0:01:38]} Be7 {[%emt 0:01:58]} 6. Be3 {[%emt 0:02:24]} b5 {[%emt 0:04:34]} 7. a3 {[%emt 0:04:33]} a6 {[%emt 0:03:32]} 8. O-O {[%emt 0:01:33]} O-O {[%emt 0:03:49]} 9. f4 {[%emt 0:01:09]} Ng4 {[%emt 0:01:26]} 10. Bd2 {[%emt 0:00:30]} exd4 {[%emt 0:01:07]} 11. Nxd4 {[%emt 0:00:59]} Qb6 {[%emt 0:03:56]} 12. Nce2 {[%emt 0:01:42]} Bf6 {[%emt 0:04:35]} 13. e5 {[%emt 0:03:51]} dxe5 {[%emt 0:01:02]} 14. fxe5 {[%emt 0:00:53]} Bxe5 {[%emt 0:01:02]} 15. c3 {[%emt 0:00:41]} c5 {[%emt 0:02:05]} 16. Qb3 {[%emt 0:08:40]} cxd4 {[%emt 0:02:32]} 17. Bc4 {[%emt 0:01:21]} dxc3+ {[%emt 0:02:09]} 18. Kh1 {[%emt 0:00:09]} Nf2+ {[%emt 0:03:31]} 19. Kg1 {[%emt 0:00:04]} cxb2 {[%emt 0:05:16]} 20. Rae1 {[%emt 0:00:57]} Nd3+ {[%emt 0:03:00]} 21. Kh1 {[%emt 0:00:12]} Nxe1 {[%emt 0:01:19]} 22. Rxf7 {[%emt 0:06:10]} Rxf7 {[%emt 0:00:47]} 23. Bxf7+ {[%emt 0:00:46]} Kh8 {[%emt 0:00:50]} 24. Qd5 {[%emt 0:02:37]} Bb7 0-1

[Event "V Copa Marcel Duchamp 2022"]
[Site "Montevideo"]
[Date "2022.02.13"]
[Round "2.34"]
[White "Martello, Benjamin"]
[Black "Martinez Alvarez, Mateo"]
[Result "0-1"]
[WhiteElo "1594"]
[BlackElo "1093"]
[Annotator "NA"]
[PlyCount "74"]
[EventDate "2022.02.12"]
[EventCountry "URU"]
[SourceTitle "playchess.com"]
[Source "ChessBase"]
[SourceQuality "1"]
[TimeControl "5400+30"]

1. e4 c5 2. Nf3 d6 3. c3 Nf6 4. Be2 Nc6 5. d3 e6 6. O-O Be7 7. Re1 O-O 8. Bf1 Qc7 9. d4 cxd4 10. cxd4 a6 11. Nc3 b5 12. d5 b4 13. dxc6 bxc3 14. e5 Nd5 15. Qa4 dxe5 16. Nxe5 Bf6 17. Ng4 Be7 18. Bd3 f5 19. Ne5 Bf6 20. f4 Qb6+ 21. Kh1 Bxe5 22. fxe5 cxb2 23. Bxb2 Qxb2 24. Rab1 Qd2 25. Bc4 Nc3 26. Qb3 Nxb1 27. Bxe6+ Kh8 28. Rxb1 Bxe6 29. Qxe6 Rad8 30. h3 Qd5 31. Qxd5 Rxd5 32. c7 Rxe5 33. Rb8 Ree8 34. Rb7 Re1+ 35. Kh2 Rc1 36. Rb8 Kg8 37. Rb7 Rc8 0-1

[Event "V Copa Marcel Duchamp 2022"]
[Site "Montevideo"]
[Date "2022.02.13"]
[Round "2.36"]
[White "Dotta, Gian Franco"]
[Black "Blanco, Rudemar Ernesto"]
[Result "1-0"]
[WhiteElo "1991"]
[BlackElo "1549"]
[Annotator "NA"]
[PlyCount "54"]
[EventDate "2022.02.12"]
[EventCountry "URU"]
[SourceTitle "playchess.com"]
[Source "ChessBase"]
[SourceQuality "1"]
[TimeControl "5400+30"]

1. d4 d5 2. c4 e6 {[%emt 0:00:50]} 3. g3 {[%emt 0:00:19]} Nf6 {[%emt 0:01:34]} 4. Nf3 {[%emt 0:00:12]} Bb4+ {[%emt 0:01:17]} 5. Bd2 {[%emt 0:00:14]} Be7 {[%emt 0:00:08]} 6. Bg2 {[%emt 0:00:42]} O-O {[%emt 0:01:17]} 7. O-O {[%emt 0:00:15]} Nbd7 {[%emt 0:00:26]} 8. Qc2 {[%emt 0:01:13]} b6 {[%emt 0:00:33]} 9. Ne5 {[%emt 0:01:29]} Nxe5 {[%emt 0:04:27]} 10. dxe5 {[%emt 0:00:03]} Ne8 {[%emt 0:00:16]} 11. cxd5 {[%emt 0:02:35]} exd5 {[%emt 0:00:16]} 12. Qc6 {[%emt 0:00:22]} Rb8 {[%emt 0:00:42]} 13. Qxd5 {[%emt 0:00:39]} Qxd5 {[%emt 0:00:47]} 14. Bxd5 {[%emt 0:00:03]} Bb7 {[%emt 0:01:30]} 15. Bxb7 {[%emt 0:01:21]} Rxb7 {[%emt 0:00:11]} 16. Nc3 {[%emt 0:00:44]} c6 {[%emt 0:00:42]} 17. Rac1 {[%emt 0:00:40]} Nc7 {[%emt 0:00:26]} 18. Ne4 {[%emt 0:00:54]} c5 {[%emt 0:00:46]} 19. Nd6 {[%emt 0:00:55]} Bxd6 {[%emt 0:05:02]} 20. exd6 {[%emt 0:00:08]} Nb5 {[%emt 0:00:14]} 21. Bf4 {[%emt 0:00:26]} Rd7 {[%emt 0:00:21]} 22. Rcd1 {[%emt 0:01:16]} Rfd8 {[%emt 0:03:16]} 23. Rd2 {[%emt 0:00:11]} Nd4 {[%emt 0:00:58]} 24. Kg2 {[%emt 0:00:29]} f6 {[%emt 0:01:08]} 25. h3 {[%emt 0:00:29]} Ne6 {[%emt 0:00:30]} 26. Rfd1 {[%emt 0:02:01]} Kf7 {[%emt 0:01:17]} 27. Be3 {[%emt 0:01:03]} Nf8 {[%emt 0:01:33]} 1-0

[Event "V Copa Marcel Duchamp 2022"]
[Site "Montevideo"]
[Date "2022.02.13"]
[Round "3.1"]
[White "Delgado Ramirez, Neuris"]
[Black "Vazquez, Facundo"]
[Result "1-0"]
[WhiteElo "2615"]
[BlackElo "2319"]
[Annotator "TA"]
[PlyCount "89"]
[EventDate "2022.02.12"]
[EventCountry "URU"]
[SourceTitle "playchess.com"]
[Source "ChessBase"]
[SourceQuality "1"]

{[%evp 10,89,16,4,4,-36,7,10,11,9,29,28,20,12,18,15,13,17,110,101,108,116,116,61,75,54,84,91,116,93,91,91,98,83,79,71,88,87,92,91,90,86,86,93,94,104,101,90,149,119,121,128,127,120,117,119,129,110,124,101,109,107,224,236,368,357,323,338,341,202,214,195,408,402,684,653,543,387,5273,778,2557,2268]} 1. e4 c5 2. Nf3 e6 3. Nc3 Nc6 4. Bb5 Nd4 5. O-O a6 6. Bd3 Nc6 {B30: Sicilian: 2...Nc6 3 Bb5, lines without ...g6.} 7. Re1 {7.Nd5 is the recent fashion.} d6 (7... g5 $15 8. g3 d6) 8. Bf1 $11 Nf6 {The position is equal.} 9. d4 cxd4 10. Nxd4 Nxd4 11. Qxd4 Be7 12. Bg5 {[#]} O-O $146 ({Predecessor:} 12... Bd7 13. Bxf6 Bxf6 14. Qxd6 Bxc3 15. bxc3 Bc6 16. Qb4 a5 17. Qc5 Qe7 18. Qxe7+ Kxe7 {1-0 (89) Xu,X (2573)-Zou,C (2452) Shaoxing 2021}) 13. Rad1 Ne8 (13... h6 $11 {keeps the balance.} 14. Bxf6 Bxf6 15. Qxd6 Qxd6 16. Rxd6 Be5) 14. Bxe7 $16 {White is much more active.} Qxe7 15. Qb6 $1 Qd7 16. e5 ({Better is} 16. Re3 $16) 16... d5 $14 17. Bd3 f5 18. Ne2 Qc6 {To avoid c4} 19. Qe3 Nc7 20. Nd4 Qe8 21. f4 Bd7 22. c3 Rc8 23. Kh1 Bb5 24. Bb1 Bc6 25. h3 Nb5 26. Nf3 Rd8 27. Kh2 Qe7 28. a4 d4 29. Qf2 ({But not} 29. cxd4 $6 Nc7 $11) (29. Nxd4 $6 Nxd4 30. Rxd4 Rxd4 31. Qxd4 Rd8 $11) 29... Nc7 30. Rxd4 Rxd4 31. Nxd4 (31. Qxd4 Bxf3 32. gxf3 Qh4 $17) 31... Bxa4 32. Ba2 Kh8 33. Qf3 Rb8 34. Rg1 Bd7 35. Rd1 Nb5 {[#]} (35... Ba4 $16) 36. Nxb5 $1 $18 Bxb5 (36... axb5 {might work better.} 37. Rd6 b6) 37. Rd6 Bc6 38. Qf2 ({Weaker is} 38. Rxe6 {[#]} Qxe6 $1 39. Bxe6 Bxf3 40. gxf3 g6 $17) 38... Rd8 39. Rxe6 (39. Rxd8+ $142 Qxd8 40. Bxe6) 39... Qf8 40. Bc4 Rd7 $2 (40... a5 41. Qe3 a4) 41. Qc5 {[%cal Rc5f8]} Qd8 (41... Rd8 $142 42. Rd6 Rxd6 43. exd6 Qc8) 42. Rd6 Rxd6 43. exd6 Qf6 (43... Bd7 44. Qa7 Be8) 44. Qe5 (44. Bd5 $142 Bxd5 45. Qc8+ Bg8 46. Qc7) 44... Qg6 45. Bd5 {Weighted Error Value: White=0.16 (very precise) /Black=0.30} 1-0

[Event "V Copa Marcel Duchamp 2022"]
[Site "Montevideo"]
[Date "2022.02.13"]
[Round "3.2"]
[White "Coro, Lucas"]
[Black "Tristan, Leonardo"]
[Result "1/2-1/2"]
[WhiteElo "2355"]
[BlackElo "2561"]
[Annotator "TA"]
[PlyCount "50"]
[EventDate "2022.02.12"]
[EventCountry "URU"]
[SourceTitle "playchess.com"]
[Source "ChessBase"]
[SourceQuality "1"]

{[%evp 17,50,27,42,15,17,15,23,22,20,10,6,0,0,0,0,0,0,-10,0,-11,0,-15,0,0,0,0,33,38,80,66,72,54,91,52,48]} 1. e4 {[%cal Be2e4,Be4e5][%mdl 32]} Nf6 {[%cal Bg8f6,Bf6d5,Bd5b6][%mdl 32]} 2. e5 Nd5 3. c4 Nb6 4. d4 d6 5. exd6 cxd6 6. Nc3 g6 7. Be3 Bg7 8. Rc1 O-O 9. b3 Bf5 10. Nf3 {B03: Alekhine's Defence: Four Pawns Attack.} d5 11. Be2 {[%cal Bf1e2,Be2f3,Bf3g2][%mdl 32]} Nc6 12. O-O {White has an edge.} Bg4 13. c5 Nc8 14. h3 Bxf3 15. Bxf3 e6 16. Ne2 N8e7 17. g4 {[#] Inhibits Nf5.} b6 $146 ({Predecessor:} 17... Qd7 18. Bg2 f5 19. Qd2 fxg4 20. hxg4 e5 21. f3 Rf7 22. dxe5 Nxe5 23. Nd4 N7c6 24. Rf2 Raf8 25. Rcf1 Qe7 26. Nxc6 bxc6 27. Bd4 Qh4 28. Be3 Qg3 29. Qe1 {0-1 (29) Solozhenkina,E (2314)-Cornette,D (2405) Monte Carlo 2019}) 18. Qd2 a5 {Inhibits b4.} 19. Bg2 bxc5 20. Rxc5 Qb6 21. Nc3 Rfb8 {[%cal Oa5a4]} 22. Nb5 a4 (22... Rc8 $14 {is more appropriate.}) 23. b4 $16 {White is more active.} a3 24. Rfc1 Ra4 25. Rb1 Qd8 {Weighted Error Value: White=0.08 (flawless) /Black=0.09 (flawless)} 1/2-1/2

[Event "V Copa Marcel Duchamp 2022"]
[Site "Montevideo"]
[Date "2022.02.13"]
[Round "3.3"]
[White "Perez Ponsa, Federico"]
[Black "Spata, German"]
[Result "1/2-1/2"]
[WhiteElo "2553"]
[BlackElo "2300"]
[Annotator "TA"]
[PlyCount "57"]
[EventDate "2022.02.12"]
[EventCountry "URU"]
[SourceTitle "playchess.com"]
[Source "ChessBase"]
[SourceQuality "1"]

{[%evp 16,57,24,19,23,20,29,12,39,39,45,44,43,41,35,20,33,9,14,0,35,12,32,0,10,0,0,0,0,0,0,0,0,0,7,0,0,0,0,-11,-14,-27,-36,-104]} 1. e4 e5 2. Nf3 Nf6 3. d4 Nxe4 4. Bd3 d5 5. Nxe5 Nd7 6. Nc3 Nxe5 7. dxe5 Nxc3 8. bxc3 Be7 9. O-O {9.Qh5 is vanishing.} O-O {C43: Petroff Defence: 3 d4.} 10. f4 f5 11. Be3 c5 {The position is equal.} 12. Be2 Be6 {[#]} 13. a4 $146 ({Predecessor:} 13. Bf3 Qd7 14. a4 Rad8 15. Qe2 Qc7 16. Rfb1 b6 17. Rd1 g5 18. h3 Rd7 19. Rd2 {1-0 (43) Carlsen,M (2876)-Shirov,A (2664) Douglas 2019}) 13... Qc7 14. Kh1 Rfd8 15. Bf3 Rac8 {[%cal Od5d4]} 16. Rb1 {[%cal Oc3c4]} b6 {[%cal Od5d4]} 17. Bg1 {To avoid d4} Rd7 18. Qe2 {[%cal Oa4a5]} d4 19. c4 Bf8 20. Rfe1 Rdd8 21. a5 Rb8 22. axb6 Rxb6 23. Rxb6 axb6 24. Rb1 g6 25. Bd5 Qf7 26. Bxe6 Qxe6 27. h3 Qc6 28. Re1 Ra8 29. Kh2 {Weighted Error Value: White=0.08 (flawless) /Black=0.05 (flawless)} (29. Bf2 $15) 1/2-1/2

[Event "V Copa Marcel Duchamp 2022"]
[Site "Montevideo"]
[Date "2022.02.13"]
[Round "3.4"]
[White "Lopez Azambuja, Nicolas"]
[Black "Hungaski, Robert"]
[Result "0-1"]
[WhiteElo "2318"]
[BlackElo "2537"]
[Annotator "TA"]
[PlyCount "46"]
[EventDate "2022.02.12"]
[EventCountry "URU"]
[SourceTitle "playchess.com"]
[Source "ChessBase"]
[SourceQuality "1"]

{[%evp 13,46,0,0,0,15,10,8,21,0,0,40,29,45,38,47,47,44,37,50,33,41,32,83,87,132,112,368,0,0,-58,-66,-279,-258,-1143,-1100]} 1. d4 Nf6 2. c4 e6 3. Nc3 Bb4 4. e3 d5 5. Bd2 O-O 6. Nf3 b6 7. cxd5 exd5 8. Rc1 {E51: Nimzo-Indian: Rubinstein: 4...0-0 5 Nf3 d5.} a6 9. Bd3 Bb7 10. O-O {The position is equal.} Nbd7 11. Ne5 Bd6 12. f4 b5 13. Be1 c5 14. Bh4 {[#] aiming for Nxd7.} Be7 $146 ({Predecessor:} 14... Qb6 15. Kh1 c4 16. Bf5 Qc7 17. Qf3 Rae8 18. Qh3 Bc8 19. Nxd7 Nxd7 20. Bd8 {1-0 (20) Sengupta,D (2527)-Vatsal,S (2371) Tornelo INT 2021}) 15. Qf3 (15. Bf5 $5 {[%cal Rf5d7]}) 15... c4 16. Bb1 Re8 {[%cal Of6e4]} 17. g4 {[%cal Bg2g4,Bg4g5][%mdl 32]} Nf8 ({Black should play} 17... Ne4 $14 18. g5 (18. Bxe4 dxe4 19. Bxe7 exf3 $11) 18... Rc8) 18. g5 $16 N6d7 (18... Ne4 $142) 19. Rcd1 ({Don't do} 19. Qh5 g6 20. Qh6 f5 $16) 19... Nb6 $2 {[%mdl 8192] [#]} (19... Rb8 $16) 20. f5 $2 (20. Qh5 $18 g6 21. Qh6) 20... Bxg5 $11 21. f6 Qxf6 $1 $15 22. Qh3 (22. Qxf6 $15 gxf6 23. Bxg5 fxe5 24. Rf2) 22... Qh6 $19 ({Worse is} 22... Bxh4 23. Rxf6 Bxf6 24. Ng4 $15) 23. Bxg5 (23. Qf3 f6 24. Bxg5 Qxg5+ 25. Kh1) 23... Qxh3 {Weighted Error Value: White=0.83/Black=0.29 (precise)} 0-1